000 01155nam a2200337 a 4500
001 000112565
003 CHAP
005 20220329144312.0
008 160617s2016 mx a fsm |||||||spa d
010 _a109026
011 _a109998
040 _cCHAP
090 _aTesis
100 1 _aSalas Gutiérrez, Zitlalli
_9130958
245 1 3 _aEl n-coalescente de KIngman/
_h[En línea]
_cpor Zitlalli Salas Gutiérrez.
260 _aChapingo, Méx. :
_bEl autor,
_c2016.
500 _aPara ver el contenido del material haga clic en la liga
502 _aTesis (Licenciada en Estadística) -- UACH. División de Ciencias Forestales
590 _aE11695DGD
_b10
_c20160718
_lUCH01
_h1049
590 _aE11695DGD
_b10
_c20160718
_lUCH01
_h1049
590 _aE6096MTM
_b05
_c20160617
_lUCH01
_h1537
590 _aE6096MTM
_b05
_c20160617
_lUCH01
_h1538
650 1 4 _aGenética de población.
_947488
650 1 4 _aGenética forestal.
_947489
650 1 4 _aModelos estadísticos.
_976417
650 1 4 _aModelos forestales.
_976418
856 _aFinding aid
_uhttp://10.13.5.2/tesis/sist112565.pdf
_zTeclea aquí
901 _aBK
942 _cTESIS
942 _n0
999 _c109026
_d109026